000 00318nam a2200133Ia 4500
005 20251222141801.0
008 251222s9999||||xx |||||||||||||| ||spa||
082 _a869.56/T12
100 _aTácunan Bonifacio, Santiago
245 2 _aA Orillas del Río
250 _a1ra.ed.
264 _bEditorial Trama
942 _cLIB
999 _c6142
_d6142